Orígenes de la dominación española en América (Record no. 115577)

MARC details
000 -LEADER
campo de control de longitud fija 00866nam a2200241 i 4500
001 - NÚMERO DE CONTROL
campo de control 115577
003 - IDENTIFICADOR DE NÚMERO DE CONTROL
campo de control ES-MaACL
005 - FECHA Y HORA DE LA ÚLTIMA TRANSACCIÓN
campo de control 20250915063051.0
007 - CAMPO FIJO DE DESCRIPCIÓN FÍSICA--INFORMACIÓN GENERAL
campo de control de longitud fija t|
008 - DATOS DE LONGITUD FIJA--INFORMACIÓN GENERAL
campo de control de longitud fija 070319s1918 sp ||||1| spa d
080 ## - NÚMERO DE LA CLASIFICACIÓN DECIMAL UNIVERSAL
Número de la Clasificación Decimal Universal 94(8=134.2)"1492/1600"
100 1# - ENTRADA PRINCIPAL--NOMBRE DE PERSONA
Nombre de persona Serrano y Sanz, Manuel,
Fechas asociadas al nombre 1868-1932
9 (RLIN) 105809
245 10 - MENCIÓN DEL TÍTULO
Título Orígenes de la dominación española en América
Resto del título : Estudios históricos /
Mención de responsabilidad, etc. por Manuel Serrano y Sanz.
260 ## - PUBLICACIÓN, DISTRIBUCIÓN, ETC.
Lugar de publicación, distribución, etc. Madrid :
Nombre del editor, distribuidor, etc. Bailly-Baillière,
Fecha de publicación, distribución, etc. 1918.
300 ## - DESCRIPCIÓN FÍSICA
Extensión DCXVII p. ;
Dimensiones 26 cm.
490 1# - MENCIÓN DE SERIE
Mención de serie Nueva biblioteca de autores españoles ;
Designación de volumen o secuencia 25
500 ## - NOTA GENERAL
Nota general "Tomo I"
500 ## - NOTA GENERAL
Nota general No se publicó más.
651 #4 - PUNTO DE ACCESO ADICIONAL DE MATERIA--NOMBRE GEOGRÁFICO
Nombre geográfico América española-
Subdivisión general Historia-
Subdivisión cronológica 1492-1600 (Descubrimiento y conquista)
9 (RLIN) 7724
830 0# - PUNTO DE ACCESO ADICIONAL DE SERIE-TÍTULO UNIFORME
Título uniforme Nueva biblioteca de autores españoles ;
Designación de volumen o secuencia 25
9 (RLIN) 186329
852 ## - LOCALIZACIÓN
Ubicación ES-MaACL
Número de control de estantería C-30151
Holdings
Estatus retirado Estado de pérdida Estado de daño No para préstamo Biblioteca de origen Biblioteca actual Ubicación en estantería Fecha de adquisición Fuente de adquisición Total de préstamos Signatura topográfica completa Código de barras Visto por última vez Precio de reemplazo Tipo de ítem Koha
        Biblioteca del Ateneo de Madrid Biblioteca del Ateneo de Madrid Depósito 2 17/01/2008     C-30151 1120519 23/02/2023 23/02/2023 Libro impreso